000
00291nam a22001337a 4500
008
181106b xxu||||| |||| 00| 0 eng d
020
_a
9780933174993
041
_a
eng
080
_a
510
100
_a
36
101
_a
MAT
245
_a
Magic Of Mathematics
_c
Pappas.TH
942
_2
udc
_c
BK
999
_c
51969
_d
51969